| 000 | 00558nam a2200193 4500 | ||
|---|---|---|---|
| 001 | 113798 | ||
| 003 | ES-MaACL | ||
| 005 | 20230906190016.0 | ||
| 007 | t| | ||
| 008 | 061121s1971 sp r ||||1| spa d | ||
| 100 | 1 |
_aPadilla, Pedro Pablo. _988177 |
|
| 245 | 1 | 0 |
_aDel ático al entresuelo _b: novela / _cPedro Pablo Padilla. |
| 250 | _a[1ª ed.]. | ||
| 260 |
_aBarcelona : _bPlaneta, _c1971. |
||
| 300 |
_a265 p. ; _c19 cm. |
||
| 500 | _aPremio Ateneo de Sevilla 1971. | ||
| 852 |
_aES-MaACL _jE-8029 _bR.92316 |
||
| 852 |
_aES-MaACL _jC-41555 _bR.77808 |
||
| 999 |
_c113798 _d113798 |
||